000 00290nam a2200109Ia 4500
008 230907s9999||||xx |||||||||||||| ||und||
082 _a610.28
_bBIO
245 0 _aBiomedical engineering and design handbook :
260 _aMcGraw-Hill,
_bNew York :
_c2009
300 _avol. 2 :
942 _cBK
999 _c598182
_d598182